| 000 | 00893nam0a22002531 4500 | ||
|---|---|---|---|
| 001 | v19\rc\1975413 | ||
| 005 | 20251118181136.2 | ||
| 035 | _a(NLR Aleph) 005059371 | ||
| 090 |
_a6979617 _c6979617 |
||
| 100 | _a20080623d1914 u y0rusy50 ca | ||
| 101 | 0 | _arus | |
| 102 | _aRU | ||
| 105 | _aa z ||||| | ||
| 200 | 1 |
_aНесколько слов о применении радиоактивной железистой актиниферной грязи (Марка Бура "Bourad") для скаковых и беговых лошадей _fЭд. Кюро |
|
| 210 |
_aМосква _cграф. заведен. "Друкарь" _d1914 |
||
| 215 |
_a[2], 46 с., 1 л. ил. _d15 |
||
| 700 | 1 |
_aКюро _bЭ. _gЭд |
|
| 801 | 0 |
_aRU _bNLR _gpsbo |
|
| 801 | 0 |
_aRU _bRuMoRGB _2psbo |
|
| 801 | 1 |
_aRU _bProSoft-M _2rusmarc |
|
| 852 |
_aNLR _j37.54.8.341 |
||
| 899 | _aБАН | ||
| 942 | _cBOOK | ||
| 980 | _aNB | ||